Review of the Land Registration Rules 2003 (Record no. 79375)

MARC details
000 -LEADER
fixed length control field 01469cad a22002415a 4500
001 - CONTROL NUMBER
control field L140933
008 - FIXED-LENGTH DATA ELEMENTS--GENERAL INFORMATION
fixed length control field 071019e20070921xxk f 000 0 eng d
035 ## - SYSTEM CONTROL NUMBER
System control number (Sirsi) u140933
041 0# - LANGUAGE CODE
Language code of text/sound track or separate title eng
110 2# - MAIN ENTRY--CORPORATE NAME
Corporate name or jurisdiction name as entry element The Land Registry
9 (RLIN) 5415
245 00 - TITLE STATEMENT
Title Review of the Land Registration Rules 2003
Remainder of title and the Commonhold (Land Registration) Rules 2004
Medium [electronic resource]
260 ## - PUBLICATION, DISTRIBUTION, ETC.
Place of publication, distribution, etc. London
Name of publisher, distributor, etc. Land Registry
Date of publication, distribution, etc. 2007
490 ## - SERIES STATEMENT
Series statement Land Registry Consultation Document
520 ## - SUMMARY, ETC.
Summary, etc. Invites views on proposed amendments to the Land Registration Rules 2003. The changes aim to ensure that the original intention of provisions is implemented where other interpretations have been substituted or the intention has not been achieved. They also address cases where it is found that matters can be exluded with the benefit of hindsight. They aim to improve service for Land Registry customers and reduce administrative burdens. Responses are due by 14 January 2008.
590 ## - LOCAL NOTE (RLIN)
Local note KA NTK
650 24 - SUBJECT ADDED ENTRY--TOPICAL TERM
Topical term or geographic name entry element LAND REGISTRATION RULES 2003
650 24 - SUBJECT ADDED ENTRY--TOPICAL TERM
Topical term or geographic name entry element LAND REGISTRATION ACT 2002
650 24 - SUBJECT ADDED ENTRY--TOPICAL TERM
Topical term or geographic name entry element COMMONHOLD (LAND REGISTRATION) RULES 2004
651 #4 - SUBJECT ADDED ENTRY--GEOGRAPHIC NAME
Geographic name United Kingdom
Chronological subdivision
690 ## - LOCAL SUBJECT ADDED ENTRY--TOPICAL TERM (OCLC, RLIN)
Topical term or geographic name as entry element PROPERTY-PROPERTY ACQUISITION AND DISPOSAL-REGISTRATION OF TITLE TO PROPERTY-LAND REGISTRATION
856 40 - ELECTRONIC LOCATION AND ACCESS
Uniform Resource Identifier <a href="https://consultations.landregistry.gov.uk/gf2.ti/f/47490/1233317.1/pdf/-/Rules%20review%20consultation%202007.pdf">https://consultations.landregistry.gov.uk/gf2.ti/f/47490/1233317.1/pdf/-/Rules%20review%20consultation%202007.pdf</a>
Public note View the consultation free of charge at www1.landregistry.gov.uk
942 ## - ADDED ENTRY ELEMENTS (KOHA)
Suppress in OPAC 0
Holdings
Withdrawn status Lost status Source of classification or shelving scheme Damaged status Not for loan Home library Current library Shelving location Date acquired Total Checkouts Full call number Barcode Date last seen Copy number Price effective from Koha item type
    Dewey Decimal Classification     London London Journal article 19/10/2007   ONLINE PUBLICATION 140933-1001 06/08/2019 1 06/08/2019 Journal article